The complete book of minerals for health. (Record no. 2564)
[ view plain ]
| 000 -LEADER | |
|---|---|
| fixed length control field | 00831pam a2200229 a 4500 |
| 001 - CONTROL NUMBER | |
| control field | 1370430 |
| 005 - DATE AND TIME OF LATEST TRANSACTION | |
| control field | 20250115133509.0 |
| 008 - FIXED-LENGTH DATA ELEMENTS--GENERAL INFORMATION | |
| fixed length control field | 810526s1981 paua b 001 0 eng |
| 020 ## - INTERNATIONAL STANDARD BOOK NUMBER | |
| International Standard Book Number | 0878573607 : |
| Terms of availability | $16.95 |
| 050 00 - LIBRARY OF CONGRESS CALL NUMBER | |
| Classification number | QP533 |
| Item number | .F23 1981 |
| 082 00 - DEWEY DECIMAL CLASSIFICATION NUMBER | |
| Classification number | 613.2/8 |
| Edition information | 19 |
| 100 1# - MAIN ENTRY--PERSONAL NAME | |
| Personal name | Faelten, Sharon. |
| 245 14 - TITLE STATEMENT | |
| Title | The complete book of minerals for health. |
| Statement of responsibility, etc. | by Sharon Faelten and the editors of Prevention magazine. |
| 250 ## - EDITION STATEMENT | |
| Edition statement | All-new ed. / |
| Remainder of edition statement | by Sharon Faelten and the editors of Prevention magazine. |
| 260 ## - PUBLICATION, DISTRIBUTION, ETC. | |
| Place of publication, distribution, etc. | Emmaus, Pa. : |
| Name of publisher, distributor, etc. | Rodale Press, |
| Date of publication, distribution, etc. | c1981. |
| 300 ## - PHYSICAL DESCRIPTION | |
| Extent | xxi, 534 p. : |
| Other physical details | ill. ; |
| Dimensions | 23 cm. |
| 500 ## - GENERAL NOTE | |
| General note | Previous ed. by: J.I. Rodale. 1972. |
| 650 #0 - SUBJECT ADDED ENTRY--TOPICAL TERM | |
| Topical term or geographic name entry element | Minerals in the body. |
| 650 #0 - SUBJECT ADDED ENTRY--TOPICAL TERM | |
| Topical term or geographic name entry element | Health. |
| 700 1# - ADDED ENTRY--PERSONAL NAME | |
| Personal name | Rodale, J. I. |
| Fuller form of name | (Jerome Irving), |
| Dates associated with a name | 1898-1971. |
| Title of a work | Complete book of minerals for health. |
| 942 ## - ADDED ENTRY ELEMENTS (KOHA) | |
| Source of classification or shelving scheme | Library of Congress Classification |
| Koha item type | Books |
| Suppress in OPAC | No |
| 999 ## - | |
| -- | 2564 |
| -- | 2564 |
| Withdrawn status | Lost status | Source of classification or shelving scheme | Damaged status | Not for loan | Collection | Home library | Current library | Shelving location | Date acquired | Total checkouts | Full call number | Barcode | Date last seen | Copy number | Price effective from | Koha item type |
|---|---|---|---|---|---|---|---|---|---|---|---|---|---|---|---|---|
| Library of Congress Classification | Non-fiction | Science Library (Miotso) | Science Library (Miotso) | General stacks | 01/15/2025 | QP533 .F23 FAE | SLM00001841 | 01/15/2025 | 1 | 01/15/2025 | Books |